00426 a2200121 4500001001000000005001700010008004100027245010900068100002200177700003800199773005000237999001700287ART_4244220260410161842.0260409a 10aFuncionarios con potestad disciplinaria militar. Principio. Variables posibles. Delegación. Prórroga1 aTorres, Ismael F.1 aFuria de Torres, Lilian Alicia G.0 tRAPg- Año 39, Nº 463 (abr. 2017)wREV5941 c24217d24217